Дело о службе музыканта Ивана Полякова

Доступно только в Электронных читальных залах Найти на картеНа карте
RUSMARC
00003919nmc2a22000003x 450
0018a3e2fdb-ad3d-4dd4-9bdb-c93573b2c340
00520181005152854.0
100##$a20161220l18181828k l0rusy0189 ca
1010#$arus
102##$aRU
2001#$aДело о службе музыканта Ивана Полякова
$j11 апреля 1818 г. - 31 октября 1828 г.
251##$cДело
300##$aДело
300##$aОриг. заголовок дела: Дело о смерти камер-музыканта Ивана Полякова. 11 апреля 1818 г. - 31 октября 1828 г
801#0$aRU
$bРГИА
$c20161220
$gRCR
801#1$aRU
$bГлавНИВЦ
$c20161220
$2rusmarc
801#2$aRU
$bПБ им. Б.Н. Ельцина
$c20181005
$gRCR
$2rusmarc
850##$aРГИА
852##$aРГИА
$eФедеральное казенное учреждение "Российский государственный исторический архив" (РГИА)
$j1696
937##$hРГИА
$d12236763
$aASBIBLIO_SCAN
462#0$1001dd3991dc-24e1-42ec-8838-ca4255420416
$12001
$a1746-1850 гг.
$1251
$cОпись
$1852
$j1
461#0$10019264ebf8-de62-4f1a-9eb4-9f22098dbbd5
$12001
$aДирекция императорских театров МИДв
$1251
$cФонд
$1852
$j497
215##$a12 л.
$d36,5х26 см
371##$aДокумент не является опубликованным и широко распространяемым
105##$ay###
1222#$ad
5171#$aДело о смерти камер-музыканта Ивана Полякова. 11 апреля 1818 г. - 31 октября 1828 г
035##$a8a3e2fdb-ad3d-4dd4-9bdb-c93573b2c340
856##$uhttp://readingroom.main.prlib.ru/item.aspx?id_node=n118969117&mode=full
Формат отображения